00297nam a22001337a 4500003000700000005001700007008004100024082001500065100001100080245001300091260003400104300000800138650001700146MPLRDC20220104124100.0210129b ||||| |||| 00| 0 eng d a868.71 ST  a诗悌 a良心c ab人和文化出版社c1975 b平 a马华文学